Stolice - Statystyki

Ogólne statystyki
  • Ten quiz został rozwiązany 53 razy
    26 od ostatniego zresetowania
  • Średni wynik to 54 z 60
Statystyki odpowiedzi
c Państwo Stolica % Poprawnych
Andora Andora
100%
Turcja Ankara
100%
Grecja Ateny
100%
Serbia Belgrad
100%
Słowacja Bratysława
100%
Belgia Bruksela
100%
Argentyna Buenos Aires
100%
Rumunia Bukareszt
100%
Australia Canberra
100%
Wenezuela Caracas
100%
Sudan Chartum
100%
Indonezja Dżakarta
100%
Egipt Kair
100%
Mołdawia Kiszyniów
100%
Dania Kopenhaga
100%
Malezja Kuala Lumpur
100%
Portugalia Lizbona
100%
Wielka Brytania Londyn
100%
Słowenia Lublana
100%
Hiszpania Madryt
100%
Rosja Moskwa
100%
Kenia Nairobi
100%
Indie Nowe Delhi
100%
Francja Paryż
100%
Maroko Rabat
100%
Arabia Saudyjska Rijad
100%
Łotwa Ryga
100%
Włochy Rzym
100%
San Marino San Marino
100%
Macedonia Skopje
100%
Bułgaria Sofia
100%
Szwecja Sztokholm
100%
Albania Tirana
100%
Japonia Tokio
100%
Liechtenstein Vaduz
100%
Malta Valletta
100%
USA Waszyngton
100%
Austria Wiedeń
100%
Chorwacja Zagrzeb
100%
Tajlandia Bangkok
88%
Węgry Budapeszt
88%
Watykan Watykan
88%
Nigeria Abudża
86%
Holandia (A) Amsterdam
86%
Kazachstan Astana
86%
Brazylia Brasilia
86%
Irlandia Dublin
86%
Holandia (H) Haga
86%
Finlandia Helsinki
86%
Luksemburg Luksemburg
86%
Filipiny Manila
86%
Białoruś Mińsk
86%
Norwegia Oslo
86%
Kanada Ottawa
86%
Czechy Praga
86%
RPA (P) Pretoria
86%
Polska Warszawa
86%
Nowa Zelandia Wellington
86%
Etiopia Addis Abeba
83%
Algeria Algier
83%
Niemcy Berlin
83%
Kolumbia Bogota
83%
Wietnam Hanoi
83%
Pakistan Islamabad
83%
Afganistan Kabul
83%
Chiny Pekin
83%
Iran Teheran
83%
Mongolia Ułan Bator
83%
Szwajcaria Berno
80%
Tanzania Dodoma
80%
Sudan Południowy Dżuba
80%
Kuba Hawana
80%
Izrael Jerozolima
80%
RPA (C) Kapsztad
80%
Ukraina Kijów
80%
Meksyk Meksyk
80%
Nowa Gwinea Port Moresby
80%
Bośnia i Hercegowina Sarajewo
80%
Estonia Tallin
80%
Bangladesz Dhaka
75%
Demokratyczna Republika Kongo Kinszasa
75%
Somalia Mogadiszu
75%
Monako Monako
75%
Korea Połudinowa Seul
75%
Libia Trypolis
75%
Litwa Wilno
75%
Irak Bagdad
71%
Islandia Rejkiawik
71%
RPA (B) Bloemfontein
67%
Korea Północna Pyongyang
67%
Czarnogóra Podgorica
50%
Nie znaleziono quizów pasujących do podanych kryteriów
Rozkład punktacji
Procent ludzi z każdym wynikiem
Percentyl według liczby udzielonych odpowiedzi
Twoja historia wyników
Nie rozwiązałeś tego quizu od ostatniego zresetowania